Central Library OPAC University of Rajshahi

Cytochemistry : (Record no. 68343)

MARC details
000 -LEADER
fixed length control field 00788nam a2200253 a 4500
001 - CONTROL NUMBER
control field 68343
003 - CONTROL NUMBER IDENTIFIER
rucl marc code BD-RjUL
005 - DATE AND TIME OF LATEST TRANSACTION
control field 20211209081746.0
008 - FIXED-LENGTH DATA ELEMENTS--GENERAL INFORMATION
fixed length control field 170402s1953 nyua 001 0 eng d
035 ## - SYSTEM CONTROL NUMBER
System control number (BD-RjUL) 68553
040 ## - CATALOGING SOURCE
Original cataloging agency BD-RjUL
Language of cataloging eng
Transcribing agency BD-RjUL
Modifying agency BD-RjUL
041 ## - LANGUAGE CODE
Language code of text/sound track or separate title eng
082 ## - DEWEY DECIMAL CLASSIFICATION NUMBER
Edition number 23
Classification number 572
Author mark and year DAC 1953
100 1# - MAIN ENTRY--PERSONAL NAME
Personal name Danielli, J. F.
Fuller form of name (James Frederic),
Dates associated with a name 1911-1984
9 (RLIN) 202615
245 10 - TITLE STATEMENT
Title Cytochemistry :
Remainder of title a critical approach /
Statement of responsibility, etc. J.F. Danielli
260 ## - PUBLICATION, DISTRIBUTION, ETC. (IMPRINT)
Place of publication, distribution, etc. New York :
Name of publisher, distributor, etc. Wiley ;
Place of publication, distribution, etc. London :
Name of publisher, distributor, etc. Chapman and Hall,
Date of publication, distribution, etc. c1953.
300 ## - PHYSICAL DESCRIPTION
Pagination 139 p. :
Illustrations ill. ;
Size 22 cm
490 1# - SERIES STATEMENT
Series statement Wiley biological research series
500 ## - GENERAL NOTE
General note Includes Index.
650 #0 - SUBJECT ADDED ENTRY--TOPICAL TERM
Topical term or geographic name as entry element Cytochemistry
9 (RLIN) 202616
830 #0 - SERIES ADDED ENTRY--UNIFORM TITLE
Uniform title Wiley biological research series
942 ## - ADDED ENTRY ELEMENTS (KOHA)
Source of classification or shelving scheme Dewey Decimal Classification
Koha item type Books
Holdings
Lost status Source of classification or shelving scheme Damaged status Not for loan Collection code Permanent Location Current Location Shelving location Date acquired Source of acquisition Cost, normal purchase price Total Checkouts Full call number Date last seen Copy number Koha item type
  Dewey Decimal Classification   Not For Loan Non-fiction Central Library, University of Rajshahi Central Library, University of Rajshahi Reading Room 22/11/1963 Euro Pak. 36.75   572 DAC 1953 02/04/2017 C-1 Books